000 00334 a2200157 4500
001 190963
020 _a978-85-360-1094-6
040 _cMagnum
100 _aRiter, Caio
240 1 0 _aA audição do leão
_lpor
245 1 0 _aA audição do leão
300 _a16
362 0 _a2011
697 _aLITERATURA INFANTO
942 _cBK
999 _c190963
_d190963